000 00659nam a2200241Ia 4500
003 OSt
005 20220912152748.0
006 a|||||r|||| 00| 0
007 ta
008 220909b |||||||| |||| 00| 0 eng d
024 _a35534
037 _cTextual
040 _aCSL
_beng
_cCSL
041 _aeng
082 _aC295:C4:7p1:N62, K2
111 _aSYMPOSIUM ON THERMODYNAMICS OF NUCLEAR MATERIALS (21-2- 196 : Vienna)
245 0 _aProceeding on thermodynamics of nuclear materials
260 _c1969
300 _ap.
_ccm.
650 _aParticel physics
942 _hC295:C4:7p1:N62, K2
_cTEXL
_2CC
999 _c91566
_d91566